000
00303nam a22001337a 4500
008
170825b xxu||||| |||| 00| 0 eng d
020
_a
2900534551925
041
_a
eng
080
_a
070
100
_a
40
101
_a
MED
245
_a
CONFIDENT PUBLIC SPEAKING
_c
SELLNOV.D.D
942
_2
udc
_c
BK
999
_c
24999
_d
24999